000
00287nam a22001337a 4500
008
180926b xxu||||| |||| 00| 0 eng d
020
_a
9780131493308
041
_a
eng
080
_a
541
100
_a
12
101
_a
Kim
245
_a
general chemistry
_c
Petrucci.R
942
_2
udc
_c
BK
999
_c
48515
_d
48515